000 00656nam a2200277Ia 4500
005 20260324140153.0
008 008 260324s9999 xx 000 0 eng d
020 _a9780203025420
037 _aEBOOK
040 _aCRL
040 _beng
040 _cCRL
041 _2eng
041 _aeng
084 _qCRL
100 _aWaltraud Ernst; Bernard Harris
_91203397
245 0 _aRace, Science and Medicine, 1700-1960
260 _bTaylor and Francis
260 _c1999
365 _a
365 _b255
856 _uhttp://www.taylorfrancis.com/books/9780203025420
942 _cEBOOK
999 _c1805170
_d1805170